| 000 | 02473nam0a2200373 4500 | ||
|---|---|---|---|
| 001 | RU\NLR\bibl\1362007 | ||
| 005 | 20260407201542.0 | ||
| 010 |
_a978-5-9247-0064-9 _91500 |
||
| 021 |
_aRU _b2009-430и _921и |
||
| 035 | _a(NLR Aleph) 001354176 | ||
| 090 |
_a940034 _c940034 |
||
| 100 | _a20090427d2008 |||y0rusy50 ca | ||
| 101 | 0 | _arus | |
| 102 | _aRU | ||
| 105 | _aa ||||||||| | ||
| 200 | 1 |
_aАрсений и Андрей из рода Тарковских _e[альбом] _e100-летие Арсения Александровича Тарковского, 75-летие Андрея Арсеньевича Тарковского _f[Юбил. фестиваль, посвященный Арсению и Андрею Тарковским _gсост.: С.А. Узянов, В.Б. Моргачев _gст.: М.А. Тарковская и др.] |
|
| 210 |
_aМосква _cГУ МДН _d2008 |
||
| 215 |
_a227 с. _cил., цв. ил., портр., факс. _d31 |
||
| 300 | _aВ надзаг.: Правительство Москвы, Ком. межрегион. связей и нац. политики г. Москвы, Гос. учреждение г. Москвы "Моск. дом национальностей" | ||
| 320 | _aПрижизн. изд. Арсения Александровича Тарковского: с. 207 | ||
| 320 | _aУказ. творч. работ Андрея Арсеньевича Тарковского: с. 216-221 | ||
| 600 | 1 |
_aТарковский _bА.А. _f1907 - 1989 _gАрсений Александрович _jАльбомы _91574153 _3RU\NLR\auth\66989563 |
|
| 600 | 1 |
_aТарковский _bА. А. _f1932 - 1986 _gАндрей Арсеньевич _jАльбомы _91376517 _3RU\NLR\auth\66577244 |
|
| 686 | _aШ5(2=Р)7-4Тарковский | ||
| 686 | _aЩ374.3(2Р)7-85Тарковский | ||
| 702 | 1 |
_aУзянов _bС. А. _4220 |
|
| 702 | 1 |
_4570 _7ca _8rus _aТарковский _bА. А. _f1907-1989 _gАрсений Александрович _9110549 _3RU\NLR\auth\77500 |
|
| 702 | 1 |
_4570 _7ca _8rus _aТарковский _bА. А. _f1932-1986 _gАндрей Арсеньевич _9119037 _3RU\NLR\auth\779190 |
|
| 711 | 1 | 2 |
_aЮбилейный фестиваль Арсения и Андрея Тарковских _eМосква _f2008 _9761465 _3RU\NLR\AUTH\8810132511 |
| 801 | 0 |
_aRU _bNLR _c20090427 _gRCR |
|
| 801 | 1 |
_aRU _bNLR _c20090427 |
|
| 942 | _cBOOK | ||
| 980 | _aNB | ||